000 00573nam a22001812 4500
001 0000007053
005 20151217152021.0
008 071109s xx 000 0 eng d
020 _a8125918906 :
_cKES 910
040 _aKABU
_cKABU
245 1 0 _aTheology, science and technology :
_bethics and moral values /
_ceditors, Prem K. Saxena, Devendra K. Chaturvedi.
260 _aNew Delhi :
_bVikas,
_c2005.
300 _axiii, 366 p.
650 0 _aReligion and Science.
_@0000148531
908 _a071109
950 _@1
999 _c7368
_d7368